000 00769nam a22001691a 4500
001 12095
003 OSt
005 20260204212311.0
008 150225s2014||||dr ||||||b||||||||||spa||
090 _aME-2014-033
100 _aBelén Bautista, Ysidora
245 _aAtención a las necesidades educativas especiales en niños/as en el centro educativo Manuel Emilio Acosta Reyes del distrito educativo 16-01 de Cotuí en el primer ciclo del nivel basico, en la tanda matutina, año escolar 2013-2014 / Ysidora Belén Bautista, Dilianesa Ant. Salcedo y Yhosanny Alt. Sánchez V. Asesora: Lic. Fior D, Alisa Báez
264 _aSanto Domingo : Lugar
502 _aTesis (Educacion Orientación Escolar)
650 _aEducacion Orientación EscolarÌ
942 _2ddc
_cTH
999 _c12095
_d12095